| 000 -LEADER |
| fixed length control field |
00846nam a22001577a 4500 |
| 003 - CONTROL NUMBER IDENTIFIER |
| control field |
OSt |
| 005 - DATE AND TIME OF LATEST TRANSACTION |
| control field |
20151104152003.0 |
| 008 - FIXED-LENGTH DATA ELEMENTS--GENERAL INFORMATION |
| fixed length control field |
151104b xxu||||| |||| 00| 0 eng d |
| 040 ## - CATALOGING SOURCE |
| Transcribing agency |
RUA |
| 082 ## - DEWEY DECIMAL CLASSIFICATION NUMBER |
| Classification number |
FOR PRU 1997 B123 Or.1 |
| 100 ## - MAIN ENTRY--PERSONAL NAME |
| 9 (RLIN) |
3355 |
| Personal name |
PRUM, CHANTHY. |
| 245 ## - TITLE STATEMENT |
| Title |
Study and evaluation of natural regeneration of dipterocarpaceae after logging in colexim forest concession at kompong thom province, សិក្សានិងវាយតំលៃលើដំណុះឈើក្នុងគ្រសារ dipterocarpaceae នៅក្នុង ព្រៃគុបសម្បទានសមគ្រាសកូឡិចស៊ីម ខេត្តកំពង់ធំ ក្រោយពេលធ្វើអាឃជីវកម្មរួច |
| 260 ## - PUBLICATION, DISTRIBUTION, ETC. (IMPRINT) |
| Place of publication, distribution, etc. |
Phnom Penh |
| Name of publisher, distributor, etc. |
RUA |
| Date of publication, distribution, etc. |
1997 |
| 300 ## - PHYSICAL DESCRIPTION |
| Extent |
83p. |
| Other physical details |
ill. |
| Dimensions |
29cm. |
| 942 ## - ADDED ENTRY ELEMENTS (KOHA) |
| Source of classification or shelving scheme |
|
| Koha item type |
FOR |